000 00586nam a22002297a 4500
003 UA-OsUOA
001 43263
007 ta
008 20090601b un ||||| |||| 00| 0 ukr d
100 _aBozyk V.J.
090 _a23/28(477)
942 _cBR
040 _aUA-OsUOA
_beng
_cUA-OsUOA
_dUA-OsUOA
245 _a1000th Anniversary of Christianity in the Ukraine 988-1988
300 _a14 с.
955 _a4
041 _aeng
080 _a23/28(477)
246 3 1 _aOur Roots
650 7 _a23/28 Християнство. Християнська релігія
_2UDC
999 _c441737
_d441737